[Event "London Classic Superrapid"]
[Site "London ENG"]
[Date "2015.12.12"]
[EventDate "2015.12.12"]
[Round "4.10"]
[Result "1/2-1/2"]
[White "Benjamin Bok"]
[Black "Sophie Milliet"]
[WhiteElo "2591"]
[BlackElo "2356"]
[PlyCount "108"]

1. e4 d6 2. d4 Nf6 3. Nc3 e5 4. Nf3 Nbd7 5. Bc4 Be7 6. a4 O-O
7. O-O exd4 8. Nxd4 Nb6 9. Ba2 a5 10. Qf3 Nfd7 11. Nf5 Bf6
12. Be3 Ne5 13. Qe2 Bxf5 14. exf5 Ned7 15. Rad1 Bxc3 16. bxc3
Nxa4 17. Bd4 Qg5 18. Rd3 Rae8 19. Rg3 Rxe2 20. Rxg5 Ne5 21. f4
c5 22. fxe5 cxd4 23. e6 Nxc3 24. exf7+ Kh8 25. f6 g6 26. Rxa5
Nxa2 27. Rxa2 d3 28. Ra7 dxc2 29. Rxb7 Rd2 30. g4 h6 31. Rc7
Rd1 32. Rxc2 Rxf1+ 33. Kxf1 Rxf7 34. Rf2 g5 35. Kg2 Kh7 36. h4
gxh4 37. Kh3 Kg6 38. Kxh4 Rxf6 39. Rxf6+ Kxf6 40. Kh5 Kg7
41. g5 hxg5 42. Kxg5 Kf7 43. Kf5 Ke7 44. Ke4 Ke6 45. Kd4 d5
46. Kd3 Ke5 47. Ke3 d4+ 48. Kd3 Kd5 49. Kd2 Ke4 50. Ke2 d3+
51. Kd2 Kd4 52. Kd1 Kc3 53. Kc1 d2+ 54. Kd1 Kd3 1/2-1/2

[Event "London Classic Superrapid"]
[Site "London ENG"]
[Date "2015.12.12"]
[EventDate "2015.12.12"]
[Round "5.7"]
[Result "0-1"]
[White "Sophie Milliet"]
[Black "Tigran Gharamian"]
[WhiteElo "2356"]
[BlackElo "2654"]
[PlyCount "141"]

1. e4 g6 2. d4 Bg7 3. Nc3 a6 4. h4 b5 5. h5 Bb7 6. h6 Bf8
7. a3 d6 8. Nf3 Nd7 9. d5 e5 10. g4 Ne7 11. Bg5 f6 12. Be3 Nc8
13. g5 Be7 14. gxf6 Bxf6 15. Qd2 O-O 16. Ng5 Bxg5 17. Bxg5 Qe8
18. Bh3 Ncb6 19. b3 Bc8 20. Bg2 Nc5 21. Rh4 a5 22. Ne2 Ra7
23. f4 c6 24. fxe5 Qxe5 25. Qd4 cxd5 26. Qxe5 dxe5 27. exd5
Bf5 28. O-O-O Rc7 29. Kb2 Bxc2 30. Kxc2 Ne4+ 31. Kb1 Nxg5
32. d6 Rc5 33. b4 axb4 34. axb4 Rcc8 35. d7 Rcd8 36. Bc6 Rf2
37. Bxb5 Kf8 38. Rd6 Nxd7 39. Nc3 Ke7 40. Ra6 Nf3 41. Nd5+ Kf7
42. Rh1 Nd2+ 43. Kc2 Ne4+ 44. Kd3 Ndf6 45. Bc4 Rf4 46. Ra5
Nf2+ 47. Ke3 Rxc4 48. Ra7+ Ke6 49. Nxf6 Kxf6 50. Kxf2 Rxb4
51. Rxh7 Rb3 52. Re1 Rd2+ 53. Re2 Rxe2+ 54. Kxe2 Rh3 55. Rh8
Rh5 56. Kf3 Kg5 57. h7 Kh6 58. Ke4 Kg7 59. Re8 Kxh7 60. Re7+
Kh6 61. Rf7 Kg5 62. Kxe5 Rh4 63. Rf1 Kh5 64. Rg1 g5 65. Kf5
Rf4+ 66. Ke5 Kg6 67. Rg2 Ra4 68. Rg1 g4 69. Rh1 Kg5 70. Rh8 g3
71. Rg8+ 0-1

[Event "Shropshire Chess Congress"]
[Site "Telford ENG"]
[Date "2016.01.09"]
[EventDate "2016.01.08"]
[Round "2.1"]
[Result "1/2-1/2"]
[White "Sophie Milliet"]
[Black "Jahongir Vakhidov"]
[WhiteElo "2369"]
[BlackElo "2554"]
[PlyCount "138"]

1. e4 c5 2. Nf3 Nc6 3. d4 cxd4 4. Nxd4 g6 5. c4 Bg7 6. Be3 Nf6
7. Nc3 O-O 8. Be2 d6 9. O-O Bd7 10. Qd2 Nxd4 11. Bxd4 Bc6
12. f3 a5 13. b3 Nd7 14. Be3 Nc5 15. Rac1 Qb6 16. Nd5 Bxd5
17. cxd5 Qb4 18. Rc2 Qxd2 19. Bxd2 f5 20. exf5 Rxf5 21. Bc4
Bd4+ 22. Kh1 Kg7 23. Re1 Be5 24. Be3 b6 25. a3 Bf6 26. f4 h5
27. b4 Na4 28. Bd3 axb4 29. axb4 Nc3 30. Bxf5 gxf5 31. Bxb6
Nxd5 32. Ba5 Nxf4 33. Rec1 Rb8 34. Rf1 Nd5 35. Rxf5 Ne3
36. Rff2 Nxc2 37. Rxc2 Kf7 38. g3 Ke6 39. Kg2 Kd5 40. Rf2 Bc3
41. Rf5+ Kc4 42. Rxh5 d5 43. g4 d4 44. Rc5+ Kb3 45. Kf3 Rh8
46. Bc7 d3 47. Bf4 Bxb4 48. Rb5 Rf8 49. Rf5 Rxf5 50. gxf5 Bd6
51. Bg5 Bxh2 52. Ke4 Kc4 53. Ke3 Be5 54. Bxe7 Bf4+ 55. Kf2 Kb3
56. Ke1 Kc2 57. Bb4 Bg3+ 58. Kf1 Bh4 59. Kg2 Be7 60. Ba5 Bd8
61. Bb4 Kb3 62. Bd2 Kc2 63. Bb4 Bf6 64. Kg3 Bd4 65. Kh4 Bc5
66. Ba5 Bb6 67. Bb4 Bd8+ 68. Kh5 Be7 69. Ba5 Bd8 1/2-1/2

[Event "Chess Olympiad (Women)"]
[Site "Tromso NOR"]
[Date "2016.09.10"]
[EventDate "2016.09.02"]
[Round "8.16"]
[Result "0-1"]
[White "Sheila Barth Berntsen Sahl"]
[Black "Sophie Milliet"]
[WhiteElo "2181"]
[BlackElo "2362"]
[PlyCount "100"]

1. f4 e5 2. fxe5 d6 3. exd6 Bxd6 4. Nf3 Nf6 5. d3 Ng4 6. Bg5
f6 7. Bh4 Ne3 8. Qd2 Bf4 9. Qc3 Nc6 10. Bf2 Qe7 11. Bxe3 Bxe3
12. Nbd2 Bg4 13. O-O-O O-O-O 14. Kb1 Rhe8 15. h3 Bxf3 16. Nxf3
Nb4 17. Qc4 Nd5 18. Qa4 Kb8 19. c4 Nf4 20. g3 Nh5 21. g4 Nf4
22. Nh4 Qe5 23. Ng2 Ne6 24. Ne1 Nd4 25. Bg2 Nxe2 26. Qb3 Bb6
27. Nc2 Nd4 28. Nxd4 Qxd4 29. Be4 g6 30. Rhf1 Re5 31. a3 h5
32. gxh5 Rxh5 33. Bxg6 Rxh3 34. Rd2 Rg3 35. Be4 Re3 36. Bf5
Qe5 37. Ka2 a6 38. Rg2 Re2 39. Rxe2 Qxe2 40. Rc1 Qf2 41. Be4
f5 42. Rc2 Qc5 43. Bd5 Ka7 44. Qc3 Qe3 45. Qf6 c6 46. c5 Rxd5
47. cxb6+ Kxb6 48. Rc4 Qxd3 49. Rb4+ Rb5 50. Rd4 Qb3+ 0-1

[Event "Chess Olympiad (Women)"]
[Site "Tromso NOR"]
[Date "2016.09.12"]
[EventDate "2016.09.02"]
[Round "10.6"]
[Result "1/2-1/2"]
[White "Sophie Milliet"]
[Black "Hoang Thanh Trang"]
[WhiteElo "2362"]
[BlackElo "2467"]
[PlyCount "142"]

1. e4 e6 2. d4 d5 3. Nc3 Bb4 4. e5 c5 5. a3 Bxc3+ 6. bxc3 Qa5
7. Bd2 Qa4 8. Qg4 Kf8 9. Nf3 Nc6 10. Bd3 Nge7 11. Qf4 Ng6
12. Bxg6 hxg6 13. Ng5 Nd8 14. dxc5 Bd7 15. O-O Qxc2 16. a4 Rc8
17. Rfc1 Qf5 18. Qb4 Bc6 19. f4 f6 20. Rf1 Qd3 21. Nf3 f5
22. Qd4 Qc4 23. Be3 Rc7 24. Rfd1 Qxd4 25. cxd4 Bd7 26. Rdb1
Nc6 27. Bd2 Ke7 28. Ra2 Rb8 29. Rab2 Be8 30. Bc3 Bd7 31. Kf2
Bc8 32. Ke3 Bd7 33. h3 b6 34. cxb6 axb6 35. Rxb6 Rxb6 36. Rxb6
Ra7 37. a5 Nxa5 38. Bb4+ Kd8 39. Bxa5 Rxa5 40. Rb3 Ra2 41. Nh4
Kc7 42. Rd3 Be8 43. Rd2 Ra3+ 44. Kf2 Ra4 45. Kg3 Ra3+ 46. Nf3
Bb5 47. Rf2 Be8 48. Kh4 Rb3 49. Ra2 Kb7 50. Ng5 Bd7 51. Nf7
Rd3 52. Nd6+ Kb6 53. Rb2+ Kc7 54. Rb7+ Kc6 55. Rb4 Kc7
56. Rb7+ Kc6 57. Rb4 Kc7 58. g4 Bc6 59. Kg5 Rxh3 60. Kxg6 fxg4
61. f5 g3 62. Rb2 Rh2 63. Rb3 g2 64. Rg3 exf5 65. Nxf5 Bb5
66. e6 Bd3 67. e7 Bxf5+ 68. Kxf5 Kd7 69. Rxg7 Rh7 70. e8=Q+
Kxe8 71. Rxg2 Re7 1/2-1/2

[Event "London Classic Superrapid"]
[Site "London ENG"]
[Date "2016.12.17"]
[EventDate "2016.12.17"]
[Round "4.10"]
[Result "0-1"]
[White "Sophie Milliet"]
[Black "Matthieu Cornette"]
[WhiteElo "2389"]
[BlackElo "2597"]
[PlyCount "64"]

1. e4 e5 2. Nf3 Nc6 3. Bc4 Nf6 4. d3 Bc5 5. O-O a6 6. c3 d6
7. Re1 Bg4 8. b4 Bb6 9. Nbd2 Qd7 10. Nf1 Ne7 11. Be3 Ng6
12. Bxb6 Nh4 13. N1d2 cxb6 14. Re3 Rc8 15. Qe1 Ng6 16. h3 Bh5
17. Nf1 Nf4 18. Ng3 O-O 19. Nxh5 N6xh5 20. Nh2 Kh8 21. Bb3 f5
22. Bd1 Nf6 23. Kh1 Qc6 24. Bf3 Qxc3 25. exf5 N6d5 26. Qxc3
Rxc3 27. Ree1 Nxb4 28. Bxb7 Nc2 29. Bxa6 Nxe1 30. Rxe1 Nxd3
31. Bxd3 Rxd3 32. Rb1 Rxf5 0-1

[Event "London Classic Superrapid"]
[Site "London ENG"]
[Date "2016.12.18"]
[EventDate "2016.12.17"]
[Round "6.11"]
[Result "0-1"]
[White "Sophie Milliet"]
[Black "Gawain Jones"]
[WhiteElo "2389"]
[BlackElo "2667"]
[PlyCount "58"]

1. e4 c5 2. Nf3 d6 3. Bb5+ Nc6 4. O-O Bd7 5. Re1 Nf6 6. c3 a6
7. Bc4 Bg4 8. d4 Bxf3 9. gxf3 e6 10. d5 Ne5 11. Bf1 g5
12. dxe6 fxe6 13. Nd2 Nfd7 14. f4 gxf4 15. Qh5+ Ke7 16. Qh4+
Nf6 17. Qxf4 Rg8+ 18. Kh1 Nfg4 19. Nc4 Bh6 20. Qg3 Qf8 21. f4
Nxc4 22. Bxc4 Ne5 23. Qh4+ Kd7 24. Bxe6+ Kxe6 25. f5+ Kd7
26. Bxh6 Qf7 27. Rad1 c4 28. Bf4 Nd3 29. e5 Qd5+ 0-1

[Event "London Classic Superrapid"]
[Site "London ENG"]
[Date "2016.12.18"]
[EventDate "2016.12.17"]
[Round "9.13"]
[Result "1-0"]
[White "Alexander Shabalov"]
[Black "Sophie Milliet"]
[WhiteElo "2563"]
[BlackElo "2389"]
[PlyCount "89"]

1. e4 d6 2. d4 Nf6 3. Nc3 e5 4. Nge2 Nbd7 5. g3 c6 6. Bg2 Be7
7. a4 b6 8. O-O Bb7 9. h3 h5 10. Bg5 a6 11. Rb1 b5 12. b4 Nb6
13. f4 Nc4 14. Qd3 Nd7 15. h4 Nf6 16. fxe5 dxe5 17. Rf5 Bc8
18. dxe5 Qb6+ 19. Qd4 Ng4 20. Bxe7 Kxe7 21. Qxb6 Nxb6 22. Nd4
Bd7 23. Rbf1 Raf8 24. axb5 axb5 25. Rg5 g6 26. e6 fxe6
27. Rxg6 Rfg8 28. Rxg8 Rxg8 29. Bf3 Ne3 30. Re1 Nbc4 31. Kf2
e5 32. Nf5+ Bxf5 33. exf5 Nxc2 34. Rd1 N2e3 35. Ra1 Nxf5
36. Ra7+ Ke6 37. Bxc6 Rf8 38. Bd7+ Kd6 39. Nxb5+ Kd5 40. Bxf5
Rxf5+ 41. Ke2 Rf8 42. Rc7 Nb6 43. Rc5+ Ke4 44. Rc6 Nd5
45. Nd6+ 1-0

[Event "European Individual Championship (Women)"]
[Site "Riga, Latvia"]
[Date "2017.04.11"]
[EventDate "2017.04.11"]
[Round "1"]
[Result "0-1"]
[White "Regina R Narva"]
[Black "Sophie Milliet"]
[WhiteElo "2000"]
[BlackElo "2352"]
[PlyCount "90"]

1.e4 c5 2.Nf3 e6 3.b3 Nc6 4.Bb5 Nge7 5.Bb2 a6 6.Bxc6 Nxc6 7.c4
d5 8.exd5 exd5 9.Qe2+ Be6 10.cxd5 Qxd5 11.Nc3 Qf5 12.Qe4 Qxe4+
13.Nxe4 Bd5 14.d3 Nb4 15.Ke2 O-O-O 16.a3 Nxd3 17.Kxd3 f5
18.Nxc5 Bxf3+ 19.Ke3 Bxc5+ 20.Kxf3 Rd2 21.Rhc1 Rxf2+ 22.Kg3
f4+ 23.Kh3 Rxb2 24.Rxc5+ Kb8 25.Rc3 Re8 26.Rf1 g5 27. g3 Re3
28.Rf3 Rxf3 29.Rxf3 h5 30.g4 h4 31.Rc3 b6 32.a4 Kb7 33.b4 Rxb4
34. a5 bxa5 35.Kg2 a4 36.Rc5 Rb5 37.Rc4 Ra5 38.Rc2 a3 39.Kh3
Rb5 40.Rc3 Ra5 41.Rc2 Kb6 42.Re2 Kb5 43.Rc2 Kb4 44.Rf2 Rc5
45.Rd2 Rc3+ 0-1

[Event "ch-EUR Women Rapid"]
[Site "Monaco MNC"]
[Date "2017.10.21"]
[EventDate "2017.10.21"]
[Round "3.7"]
[Result "1/2-1/2"]
[White "Sophie Milliet"]
[Black "Elisabeth Paehtz"]
[WhiteElo "2377"]
[BlackElo "2453"]
[PlyCount "99"]

1. e4 e5 2. Nf3 Nc6 3. Bc4 Bc5 4. O-O d6 5. c3 Nf6 6. d3 a6
7. a4 Ba7 8. Re1 h6 9. Na3 Ne7 10. d4 exd4 11. cxd4 O-O 12. h3
d5 13. e5 Ne4 14. Bd3 c5 15. dxc5 Nxc5 16. Be3 Nxd3 17. Qxd3
Bf5 18. Qd2 Be4 19. Bxa7 Bxf3 20. Bc5 Be4 21. Rxe4 dxe4
22. Qxd8 Rfxd8 23. Bxe7 Rd2 24. Nc4 Rc2 25. b3 Rc3 26. Rb1 b5
27. Nd6 e3 28. Ne4 exf2+ 29. Kxf2 Rc2+ 30. Kf3 Rac8 31. axb5
axb5 32. Rd1 Rb2 33. b4 Rcc2 34. Rd8+ Kh7 35. h4 Rb3+ 36. Kf4
Rxg2 37. h5 Rg1 38. Rb8 Rf1+ 39. Kg4 Rg1+ 40. Kf4 Rf1+ 41. Kg4
Re3 42. Nf6+ gxf6 43. Bxf6 Re4+ 44. Kg3 Rxf6 45. exf6 Rxb4
46. Rf8 Rd4 47. Rxf7+ Kg8 48. Rb7 b4 49. Kf3 Rc4 50. Ke3
1/2-1/2

[Event "ch-EUR Women Rapid"]
[Site "Monaco MNC"]
[Date "2017.10.21"]
[EventDate "2017.10.21"]
[Round "4.6"]
[Result "1-0"]
[White "Nana Dzagnidze"]
[Black "Sophie Milliet"]
[WhiteElo "2520"]
[BlackElo "2377"]
[PlyCount "105"]

1. Nf3 c5 2. c4 Nc6 3. g3 g6 4. Bg2 Bg7 5. Nc3 d6 6. O-O e5
7. d3 Nge7 8. Bd2 O-O 9. a3 a5 10. Ne1 Be6 11. Nd5 Rb8 12. Nc2
b5 13. b4 bxc4 14. dxc4 axb4 15. axb4 Bxd5 16. cxd5 Nxb4
17. Nxb4 cxb4 18. Qb3 Qb6 19. Ra4 Qd4 20. Rxb4 Rxb4 21. Qxb4
Nf5 22. e3 Qxb4 23. Bxb4 Rb8 24. Ba5 Rb5 25. Bd8 Bf8 26. Ra1
Be7 27. Ra8 Kg7 28. Be4 Bxd8 29. Rxd8 Ne7 30. Rxd6 f5 31. Rd7
Kf6 32. d6 fxe4 33. dxe7 Rb8 34. e8=Q Rxe8 35. Rxh7 Ra8
36. Kg2 Ra2 37. h4 Kf5 38. Rf7+ Ke6 39. Rf8 Ke7 40. Rb8 Ra1
41. Rb4 Kf6 42. Rxe4 Kf5 43. Rb4 Rc1 44. g4+ Kf6 45. Rb6+ Kf7
46. h5 gxh5 47. gxh5 Rc8 48. Kf3 Kg7 49. Ke4 Rf8 50. f3 Kh7
51. Re6 Rf7 52. Rxe5 Kh6 53. f4 1-0

[Event "ch-EUR Women Blitz"]
[Site "Monaco MNC"]
[Date "2017.10.23"]
[EventDate "2017.10.23"]
[Round "2.2"]
[Result "1-0"]
[White "Kateryna Lahno"]
[Black "Sophie Milliet"]
[WhiteElo "2541"]
[BlackElo "2377"]
[PlyCount "105"]

1. e4 d6 2. d4 Nf6 3. Nc3 e5 4. Nf3 Nbd7 5. Bc4 Be7 6. a4 O-O
7. O-O exd4 8. Nxd4 Nb6 9. Bb3 a5 10. h3 Nfd7 11. Nf5 Bf6
12. Be3 Nc5 13. Bxc5 dxc5 14. Qf3 c4 15. Rad1 Qe8 16. Ba2 Bxf5
17. exf5 Bxc3 18. Qxc3 Qxa4 19. f6 Qb4 20. Qg3 g6 21. Qf4 Rfe8
22. c3 Qc5 23. Rd4 Re6 24. Bxc4 Nxc4 25. Rxc4 Rxf6 26. Qe4 Qb6
27. Rd4 Re6 28. Qc2 Rae8 29. b4 Re2 30. Qd3 axb4 31. Rxb4 Qc6
32. Rd4 b6 33. h4 h5 34. Rd8 Rxd8 35. Qxd8+ Re8 36. Qd4 Qe4
37. Qd7 Re7 38. Qd8+ Kg7 39. g3 b5 40. Rd1 c5 41. Qb8 b4
42. cxb4 cxb4 43. Rd8 Qe1+ 44. Kg2 Qe4+ 45. Kh2 Qf3 46. Rg8+
Kf6 47. Qb6+ Re6 48. Qd4+ Kf5 49. Rf8 f6 50. Rb8 Re4 51. Rb5+
Re5 52. Rxb4 Qg4 53. Qd7+ 1-0

[Event "ch-EUR Women Blitz"]
[Site "Monaco MNC"]
[Date "2017.10.23"]
[EventDate "2017.10.23"]
[Round "5.7"]
[Result "0-1"]
[White "Sophie Milliet"]
[Black "Elisabeth Paehtz"]
[WhiteElo "2377"]
[BlackElo "2453"]
[PlyCount "77"]

1. e4 g6 2. d4 Bg7 3. Nc3 d6 4. f4 a6 5. Nf3 Nd7 6. Bd3 b5
7. a4 b4 8. Ne2 c5 9. c3 Rb8 10. O-O Bb7 11. Ng3 h5 12. f5 h4
13. fxg6 fxg6 14. Ng5 Qb6 15. e5 Nxe5 16. Ne2 cxd4 17. cxd4 h3
18. Ne6 Bf6 19. Be3 hxg2 20. Rf4 Nf3+ 21. Rxf3 Bxf3 22. Bxg6+
Kd7 23. Bf5 Rh5 24. Nc5+ Ke8 25. Bg6+ Kd8 26. Ne6+ Kd7
27. Bxh5 Bxh5 28. Nc5+ Ke8 29. Ne4 Bg6 30. Nxf6+ Nxf6 31. Qe1
Qc6 32. Nf4 Qe4 33. Nxg6 Qxg6 34. Rc1 Kf7 35. Qf2 Rh8 36. Rc7
Qe4 37. Bf4 Rg8 38. h3 Qb1+ 39. Rc1 0-1

[Event "ch-EUR Women Blitz"]
[Site "Monaco MNC"]
[Date "2017.10.23"]
[EventDate "2017.10.23"]
[Round "7.9"]
[Result "0-1"]
[White "Sophie Milliet"]
[Black "Aleksandra Goryachkina"]
[WhiteElo "2377"]
[BlackElo "2478"]
[PlyCount "72"]

1. e4 Nf6 2. e5 Nd5 3. d4 d6 4. Nf3 dxe5 5. Nxe5 c6 6. Be2 Bf5
7. O-O Nd7 8. Bd3 Bxd3 9. Nxd3 e6 10. Nd2 Be7 11. Nf3 O-O
12. c4 N5f6 13. Bf4 c5 14. dxc5 Nxc5 15. Nxc5 Bxc5 16. a3 a5
17. Bg5 Be7 18. Qxd8 Rfxd8 19. h3 h6 20. Bh4 g5 21. Bg3 Ne4
22. Be5 Bc5 23. Rab1 a4 24. b4 axb3 25. Rxb3 Rd7 26. g4 Rxa3
27. Rxa3 Bxa3 28. Ra1 Bf8 29. Ra8 f6 30. Bb2 Kf7 31. Rb8 Bc5
32. Kg2 Nxf2 33. Rc8 Nd3 34. Bc3 Nf4+ 35. Kg3 b6 36. Rc6 Ne2+
0-1

[Event "ch-EUR Women Blitz"]
[Site "Monaco MNC"]
[Date "2017.10.23"]
[EventDate "2017.10.23"]
[Round "9.9"]
[Result "0-1"]
[White "Sophie Milliet"]
[Black "Inna Gaponenko"]
[WhiteElo "2377"]
[BlackElo "2433"]
[PlyCount "158"]

1. e4 c5 2. Nf3 d6 3. d4 cxd4 4. Nxd4 Nf6 5. f3 Nc6 6. c4 Qb6
7. Nc2 e6 8. Nc3 Be7 9. Rb1 O-O 10. Be3 Qc7 11. Nb5 Qa5+
12. b4 Qd8 13. Be2 d5 14. exd5 exd5 15. c5 Bf5 16. Bd3 Bxd3
17. Qxd3 a5 18. a3 axb4 19. axb4 Ne5 20. Qc3 Nc4 21. O-O Qd7
22. Nbd4 Ne8 23. Rfe1 Bf6 24. Bf4 Nc7 25. Qd3 Ne6 26. Nxe6
fxe6 27. Red1 Qf7 28. Qb3 Rfd8 29. Bg3 e5 30. Ra1 d4 31. Rxa8
Rxa8 32. b5 h5 33. h4 Kf8 34. c6 bxc6 35. bxc6 Rc8 36. Qb5 Nd6
37. Qa6 Qc7 38. Nxd4 Ke8 39. Qa2 Qf7 40. Qxf7+ Nxf7 41. Re1
Kd8 42. Ne6+ Ke7 43. Nc5 Rxc6 44. Ne4 Rc2 45. f4 Ke6 46. Ng5+
Bxg5 47. hxg5 Kf5 48. fxe5 Nxg5 49. Rf1+ Ke6 50. Re1 Nf7
51. Kh2 g5 52. Rf1 Nxe5 53. Re1 Rc5 54. Bxe5 Rxe5 55. Ra1 Kf5
56. Ra4 h4 57. Kg1 Re3 58. Rb4 Ra3 59. Kf1 Kg6 60. Rb8 Kh5
61. Rb4 Rc3 62. Kf2 Rc2+ 63. Kf1 g4 64. Rb5+ Kg6 65. Rb6+ Kf5
66. Rb5+ Kf4 67. Rb3 Ra2 68. Kg1 Re2 69. Kf1 Re3 70. Rb4+ Kg3
71. Ra4 Rb3 72. Ra1 Kh2 73. Kf2 g3+ 74. Kf1 h3 75. gxh3 g2+
76. Kf2 Rb2+ 77. Kf3 g1=Q 78. Rxg1 Kxg1 79. h4 Rb4 0-1